[Event "7th European Individual Senior Champion."]
[Site "Hockenheim, Germany"]
[Date "2007.06.08"]
[Round "7.56"]
[White "Kalkmann, Hans"]
[Black "Jahr, Dieter"]
[Result "1-0"]
[WhiteElo "2004"]
[BlackElo "2059"]
[PlyCount "81"]
[EventDate "2007.??.??"]

1. d4 d5 2. Nf3 e6 3. g3 Nf6 4. Bg5 Be7 5. Bg2 O-O 6. Bxf6 Bxf6 7. e3 c5 8. c3
Qb6 9. Qb3 Qc7 10. O-O c4 11. Qc2 Nc6 12. Nbd2 b5 13. a3 Bb7 14. e4 dxe4 15.
Nxe4 Be7 16. Neg5 g6 17. Rae1 a5 18. Ne4 b4 19. axb4 axb4 20. Ra1 b3 21. Qd1
Kg7 22. Qe2 Na5 23. Ned2 Bd5 24. Qe5+ Qxe5 25. Nxe5 f6 26. Nd7 Rfd8 27. Nb6 Ra6
28. Nxd5 exd5 29. Ra4 Rdd6 30. Rfa1 Bd8 31. Nf1 Kf7 32. Ne3 Ke6 33. h4 Bb6 34.
Bf3 Bxd4 35. cxd4 c3 36. bxc3 b2 37. Rb1 Nc4 38. Bxd5+ Ke7 39. Rxa6 Rxa6 40.
Bxc4 Ra1 41. Bd3 1-0

[Event "7th European Individual Senior Champion."]
[Site "Hockenheim, Germany"]
[Date "2007.06.08"]
[Round "7.57"]
[White "Woisetschlaeger, Adolf"]
[Black "Thieme, Hans"]
[Result "0-1"]
[WhiteElo "1892"]
[BlackElo "2055"]
[PlyCount "96"]
[EventDate "2007.??.??"]

1. c4 b6 2. Nf3 c5 3. g3 Bb7 4. Bg2 Nf6 5. O-O e6 6. Nc3 a6 7. d3 d6 8. e4 Nbd7
9. Re1 Qc7 10. Qe2 Be7 11. Nd2 g5 12. Nf1 g4 13. Bf4 O-O-O 14. a3 Rdg8 15. b4
Nh5 16. Bc1 Bf6 17. Bb2 Be5 18. Ne3 Nhf6 19. Ncd1 h5 20. bxc5 Qxc5 21. Nc2 Bxb2
22. Nxb2 h4 23. d4 Qh5 24. f3 hxg3 25. hxg3 Qh2+ 26. Kf2 gxf3 27. Qxf3 Rh3 28.
Rh1 Qxg3+ 29. Qxg3 Rhxg3 30. Ne3 Rxe3 31. Kxe3 Rxg2 32. Rh8+ Kc7 33. Na4 Bxe4
34. Rh4 Bg6 35. Kf3 Rc2 36. c5 dxc5 37. dxc5 b5 38. Nb6 Nxc5 39. Na8+ Kb7 40.
Rh8 Nd5 41. Kg4 Nd7 42. a4 Rc4+ 43. Kf3 b4 44. a5 b3 45. Nb6 N7xb6 46. axb6
Nxb6 47. Re8 Nd5 48. Rd8 b2 0-1

[Event "7th European Individual Senior Champion."]
[Site "Hockenheim, Germany"]
[Date "2007.06.08"]
[Round "7.58"]
[White "Stadt, Hans"]
[Black "Roehrl, Bruno"]
[Result "1-0"]
[WhiteElo "2050"]
[BlackElo "1911"]
[PlyCount "63"]
[EventDate "2007.??.??"]

1. d4 Nf6 2. c4 e6 3. Nc3 d5 4. Bg5 Be7 5. e3 Nbd7 6. Bd3 O-O 7. Nge2 c6 8.
cxd5 exd5 9. Qc2 Re8 10. O-O Nf8 11. f3 Ng6 12. Rac1 Nh5 13. Bxe7 Rxe7 14. g4
Nf6 15. Ng3 Nf8 16. Qf2 Be6 17. h3 Qc7 18. f4 Ne8 19. f5 Bc8 20. Nce2 b6 21.
Nf4 Bb7 22. Ngh5 Qd6 23. g5 f6 24. h4 Rc8 25. Kh1 Rcc7 26. Rg1 Kh8 27. Qg3 Rcd7
28. Rc2 Bc8 29. Rcg2 Rc7 30. gxf6 Nxf6 31. Ng6+ Nxg6 32. Qxd6 1-0

[Event "7th European Individual Senior Champion."]
[Site "Hockenheim, Germany"]
[Date "2007.06.08"]
[Round "7.59"]
[White "Barlo, Werner"]
[Black "Husser, Oskar"]
[Result "0-1"]
[WhiteElo "1871"]
[BlackElo "2073"]
[PlyCount "100"]
[EventDate "2007.??.??"]

1. d4 Nf6 2. Nf3 b5 3. e3 a6 4. c4 c6 5. cxb5 axb5 6. Bd3 e6 7. O-O Be7 8. Nbd2
Bb7 9. a3 O-O 10. Qc2 Na6 11. Ne4 Nxe4 12. Bxe4 f5 13. Bd3 b4 14. a4 c5 15. Ne5
d6 16. Nc4 d5 17. Ne5 c4 18. Be2 b3 19. Qd1 Nb4 20. Bd2 Nc2 21. Rb1 Rxa4 22. f4
Rf6 23. g4 fxg4 24. Bxg4 Bd6 25. Rf3 Bxe5 26. fxe5 Rg6 27. Rg3 Qe7 28. Qf3 Ra8
29. Rf1 Ra2 30. Bc3 Ra8 31. Bd2 Ba6 32. Bc3 Rf8 33. Qg2 Rxf1+ 34. Kxf1 Rxg4 35.
Ke2 Rxg3 36. Qxg3 Bb5 37. Qg4 Be8 38. Ba5 Qf7 39. h3 Qh5 40. Bd2 Qxg4+ 41. hxg4
Bg6 42. Kf3 Kf7 43. Kf4 Be4 44. Kg5 h6+ 45. Kf4 Kg6 46. Ba5 Bd3 47. Bc7 h5 48.
g5 Bf5 49. Ba5 h4 50. Bd2 h3 0-1

[Event "7th European Individual Senior Champion."]
[Site "Hockenheim, Germany"]
[Date "2007.06.08"]
[Round "7.60"]
[White "Sinchurina, Tatiana"]
[Black "Zakharova, Lidiya"]
[Result "1-0"]
[WhiteElo "2047"]
[BlackElo "1938"]
[PlyCount "81"]
[EventDate "2007.??.??"]

1. e4 d5 2. exd5 Qxd5 3. Nc3 Qa5 4. d4 c6 5. g3 Nf6 6. Bg2 Bg4 7. Nge2 e6 8. h3
Bxe2 9. Qxe2 Bd6 10. O-O O-O 11. Ne4 Be7 12. a3 Nbd7 13. c4 Nxe4 14. Bxe4 Bf6
15. Be3 g6 16. h4 Bg7 17. b4 Qd8 18. Rad1 Qe7 19. h5 f5 20. Bc2 f4 21. Bxf4
Rxf4 22. gxf4 Rf8 23. hxg6 Rxf4 24. gxh7+ Kh8 25. Rd3 Bxd4 26. Rg3 Bg7 27. Kg2
e5 28. Rh1 Rh4 29. Rxh4 Qxh4 30. Qd3 Qe7 31. Qf5 Nf8 32. Qe4 Qf6 33. b5 Qd6 34.
bxc6 bxc6 35. Ba4 Nxh7 36. Bxc6 Nf6 37. Rh3+ Kg8 38. Bd5+ Kf8 39. Rf3 Ke7 40.
Qg6 Nxd5 41. Qxg7+ 1-0

[Event "7th European Individual Senior Champion."]
[Site "Hockenheim, Germany"]
[Date "2007.06.08"]
[Round "7.61"]
[White "Mertens, Gottfried"]
[Black "Zachariassen, John"]
[Result "1-0"]
[WhiteElo "2035"]
[BlackElo "1933"]
[PlyCount "51"]
[EventDate "2007.??.??"]

1. f4 d5 2. Nf3 c5 3. e3 Nh6 4. Bb5+ Nd7 5. Nc3 e6 6. O-O a6 7. Bxd7+ Bxd7 8.
d3 b5 9. e4 d4 10. Ne2 f6 11. Qe1 Bc6 12. Qg3 Nf7 13. Qh3 Qd7 14. Bd2 g6 15.
Rae1 Be7 16. Rd1 e5 17. Qg3 Qe6 18. a3 O-O-O 19. fxe5 fxe5 20. Rf2 h6 21. Rdf1
Rdg8 22. Nfxd4 cxd4 23. Rxf7 g5 24. Bb4 Bxb4 25. axb4 Rg6 26. R1f5 1-0

[Event "7th European Individual Senior Champion."]
[Site "Hockenheim, Germany"]
[Date "2007.06.08"]
[Round "7.62"]
[White "Blagonadezhnaya, Ideya"]
[Black "Gonzalo Gonzalez, Francisco"]
[Result "1/2-1/2"]
[WhiteElo "2017"]
[BlackElo "1914"]
[PlyCount "99"]
[EventDate "2007.??.??"]

1. e4 c5 2. Nf3 Nc6 3. d4 cxd4 4. Nxd4 Nf6 5. Nxc6 bxc6 6. Bd3 g6 7. O-O Bg7 8.
c4 d6 9. Nc3 O-O 10. Be3 Ng4 11. Bd2 Qc7 12. h3 Ne5 13. Be2 Be6 14. b3 f5 15.
f4 Nd7 16. Bf3 Nc5 17. e5 dxe5 18. fxe5 Bxe5 19. Qe2 Rad8 20. Rad1 Bf7 21. Kh1
Be8 22. Be3 Nd7 23. Na4 Bd6 24. Qf2 Bg3 25. Qg1 Ra8 26. Nc5 Nxc5 27. Bxc5 Rf7
28. Qe3 Bd7 29. Qd3 e6 30. Bd6 Bxd6 31. Qxd6 Qxd6 32. Rxd6 Rc8 33. Rfd1 Rc7 34.
c5 Kf8 35. Be2 Ke7 36. Bc4 a5 37. Re1 Rf6 38. Kg1 g5 39. Kf2 Rh6 40. Kf3 Rf6
41. Re5 h5 42. Ke3 Bc8 43. g3 Kf7 44. g4 hxg4 45. hxg4 Kg6 46. Bxe6 fxg4 47.
Bxc8 Rxc8 48. Kd4 Rb8 49. Ke3 Rxd6 50. cxd6 1/2-1/2

[Event "7th European Individual Senior Champion."]
[Site "Hockenheim, Germany"]
[Date "2007.06.08"]
[Round "7.63"]
[White "Smits, Oswald"]
[Black "Lein, Marina"]
[Result "1/2-1/2"]
[WhiteElo "1894"]
[BlackElo "2017"]
[PlyCount "49"]
[EventDate "2007.??.??"]

1. d4 Nf6 2. Bg5 e6 3. e3 Be7 4. Bd3 h6 5. Bh4 c5 6. Nd2 cxd4 7. exd4 Nc6 8. c3
b6 9. Ne2 Bb7 10. O-O O-O 11. h3 d5 12. Bg3 Bd6 13. Bxd6 Qxd6 14. Re1 e5 15.
dxe5 Nxe5 16. Bc2 Rad8 17. Nd4 Rfe8 18. N2f3 Ne4 19. Ba4 Bc6 20. Bxc6 Nxc6 21.
Nxc6 Qxc6 22. Qd4 Qb5 23. Rab1 Rc8 24. Qd1 Qd7 25. Nd4 1/2-1/2

[Event "7th European Individual Senior Champion."]
[Site "Hockenheim, Germany"]
[Date "2007.06.08"]
[Round "7.64"]
[White "Benito Alba, Eladio"]
[Black "De Laubadere, Philippe"]
[Result "1/2-1/2"]
[WhiteElo "1881"]
[BlackElo "2003"]
[PlyCount "45"]
[EventDate "2007.??.??"]

1. d4 f5 2. Nf3 Nf6 3. g3 g6 4. Bg2 Bg7 5. c4 d6 6. O-O O-O 7. Nc3 Qe8 8. Qc2
c6 9. Re1 Na6 10. a3 Qf7 11. b3 h6 12. Bb2 Bd7 13. e4 fxe4 14. Nxe4 Bf5 15.
Nxf6+ Qxf6 16. Qd2 Rae8 17. Nh4 Nc5 18. Nxf5 gxf5 19. dxc5 Qxb2 20. Qxb2 Bxb2
21. Ra2 Bd4 22. cxd6 exd6 23. Ree2 1/2-1/2

[Event "7th European Individual Senior Champion."]
[Site "Hockenheim, Germany"]
[Date "2007.06.08"]
[Round "7.65"]
[White "Schwertel, Johann"]
[Black "Bauer, Armin Dr"]
[Result "1/2-1/2"]
[WhiteElo "1993"]
[BlackElo "1902"]
[PlyCount "53"]
[EventDate "2007.??.??"]

1. d4 Nf6 2. Nf3 e6 3. Bg5 h6 4. Bh4 c5 5. c3 b6 6. e3 Bb7 7. Nbd2 d6 8. Be2
Nbd7 9. O-O Be7 10. Rc1 O-O 11. Bg3 a6 12. h3 Ne4 13. Nxe4 Bxe4 14. Nd2 Bb7 15.
Bf3 Bxf3 16. Qxf3 d5 17. e4 Bg5 18. Rcd1 cxd4 19. cxd4 Bxd2 20. Rxd2 Nf6 21. e5
Ne4 22. Rc2 Qd7 23. Qb3 b5 24. Bf4 Rfc8 25. Rxc8+ Rxc8 26. f3 Ng5 27. Qd3
1/2-1/2

[Event "7th European Individual Senior Champion."]
[Site "Hockenheim, Germany"]
[Date "2007.06.08"]
[Round "7.66"]
[White "Schaefer, Gustav"]
[Black "Straub, Hermann"]
[Result "0-1"]
[WhiteElo "1844"]
[BlackElo "1993"]
[PlyCount "64"]
[EventDate "2007.??.??"]

1. e4 b6 2. d4 Bb7 3. Bd3 Nf6 4. Qe2 Nc6 5. c3 e5 6. Nf3 d6 7. O-O Be7 8. Bg5
Nd7 9. Bxe7 Nxe7 10. Nbd2 Ng6 11. g3 O-O 12. b4 Qe7 13. d5 Nf6 14. Ng5 h6 15.
Nh3 Bc8 16. Kg2 Bg4 17. Qe3 Bxh3+ 18. Kxh3 Qd7+ 19. Kg2 Rae8 20. c4 Nh7 21. Be2
Ng5 22. g4 Nf4+ 23. Kh1 Ngh3 24. Qg3 g6 25. Nf3 Kg7 26. Ng1 Nxg1 27. Qxg1 Nxe2
28. Qg2 Nf4 29. Qg3 h5 30. gxh5 Nxh5 31. Qf3 Rh8 32. Rg1 Rh6 0-1

[Event "7th European Individual Senior Champion."]
[Site "Hockenheim, Germany"]
[Date "2007.06.08"]
[Round "7.67"]
[White "Schuler, Georg"]
[Black "Egger, Herbert"]
[Result "0-1"]
[WhiteElo "1992"]
[BlackElo "1834"]
[PlyCount "76"]
[EventDate "2007.??.??"]

1. c4 e5 2. Nc3 Nc6 3. g3 Nf6 4. Bg2 Bc5 5. e3 O-O 6. Nge2 Ne7 7. d4 exd4 8.
exd4 Bb4 9. O-O d5 10. c5 c6 11. a3 Ba5 12. b4 Bc7 13. Bf4 Ng6 14. Qd2 Qd7 15.
Bxc7 Qxc7 16. b5 Re8 17. Rfb1 Bf5 18. b6 Qd7 19. Rb2 a6 20. Nf4 Re7 21. Re1
Rxe1+ 22. Qxe1 Nxf4 23. gxf4 Bh3 24. f3 Re8 25. Re2 Rxe2 26. Nxe2 Bxg2 27. Kxg2
Qe6 28. Qd2 Kf8 29. Nc1 Nh5 30. Nd3 Qf5 31. Kf1 f6 32. Nb4 Nxf4 33. Nxc6 bxc6
34. b7 Qb1+ 35. Kf2 g5 36. h4 Qxb7 37. hxg5 fxg5 38. Qc2 Qd7 0-1

[Event "7th European Individual Senior Champion."]
[Site "Hockenheim, Germany"]
[Date "2007.06.08"]
[Round "7.68"]
[White "Haug, Kjell"]
[Black "Strozewski, Guenter"]
[Result "0-1"]
[WhiteElo "1967"]
[BlackElo "1852"]
[PlyCount "91"]
[EventDate "2007.??.??"]

1. c4 e5 2. Nc3 Nf6 3. e4 c6 4. Nf3 Bc5 5. Be2 Qb6 6. O-O Qc7 7. h3 a6 8. d3 d6
9. Bg5 Nbd7 10. d4 exd4 11. Nxd4 h6 12. Bf4 b5 13. a3 Ne5 14. b4 Ba7 15. Nf5
Bxf5 16. exf5 O-O-O 17. cxb5 axb5 18. Nxb5 cxb5 19. Bxb5 Qb7 20. Qe2 Kb8 21.
Ba6 Qd7 22. Rfd1 Qc6 23. Bd3 Nxd3 24. Qxd3 Ka8 25. b5 Qb7 26. a4 Rhe8 27. a5
Bc5 28. b6 Ne4 29. Ra2 Qc6 30. Rb2 Kb8 31. Rdb1 Nc3 32. Rf1 Nd5 33. Bg3 Nb4 34.
Qb3 Rd7 35. Rd1 Kb7 36. Rbd2 Ka6 37. Qc4+ Qb5 38. Qxb5+ Kxb5 39. Bxd6 Bxd6 40.
Rxd6 Rxd6 41. Rxd6 Kxa5 42. Rd1 Rf8 43. Rd7 Kxb6 44. g4 Kc6 45. Re7 Kd6 46. Re3
{Notation unleserlich!  0-1 nach ca. 90 Zügen} 0-1

[Event "7th European Individual Senior Champion."]
[Site "Hockenheim, Germany"]
[Date "2007.06.08"]
[Round "7.69"]
[White "Tochtermann, Georg Dr"]
[Black "Wanner, Georges"]
[Result "1-0"]
[WhiteElo "1956"]
[BlackElo "1770"]
[PlyCount "41"]
[EventDate "2007.??.??"]

1. c4 Nf6 2. Nc3 g6 3. g3 Bg7 4. Bg2 O-O 5. e4 d6 6. Nge2 e5 7. O-O Nc6 8. d3
Bg4 9. h3 Bd7 10. Be3 Qc8 11. Kh2 Ne7 12. Qd2 c6 13. Rac1 Nh5 14. Bh6 Bh8 15.
Bxf8 Qxf8 16. d4 Bg7 17. dxe5 Bxe5 18. f4 Qh6 19. Rcd1 Bxc3 20. Qxc3 Nf6 21.
Qxf6 1-0

[Event "7th European Individual Senior Champion."]
[Site "Hockenheim, Germany"]
[Date "2007.06.08"]
[Round "7.70"]
[White "Frantzke, Helmut"]
[Black "Paulsen, Eckart"]
[Result "0-1"]
[WhiteElo "1955"]
[BlackElo "1833"]
[PlyCount "120"]
[EventDate "2007.??.??"]

1. e4 c6 2. d3 d5 3. Nd2 e5 4. Ngf3 Bg4 5. h3 Bxf3 6. Qxf3 Nf6 7. Qe2 Nbd7 8.
g3 Be7 9. Bg2 O-O 10. O-O Rc8 11. f4 exf4 12. e5 Bc5+ 13. Kh1 Ne8 14. gxf4 Nc7
15. c3 Re8 16. d4 Bf8 17. Qg4 f6 18. Nf3 fxe5 19. fxe5 Re6 20. Ng5 Rg6 21. Qf5
Qe8 22. Bd2 Ne6 23. Nf7 Nd8 24. Ng5 Be7 25. e6 Nf8 26. Rae1 Rf6 27. Qd3 Rxf1+
28. Qxf1 Qg6 29. h4 h6 30. Nf3 Qh5 31. Re5 Qg4 32. h5 g5 33. hxg6 Nxg6 34. Bh3
Qg3 35. Be1 Qf4 36. Rf5 Qe4 37. Qg2 Bg5 38. Rxg5 hxg5 39. e7 Ne6 40. Bd2 Re8
41. Bxe6+ Qxe6 42. Bxg5 Kg7 43. Ne5 Rh8+ 44. Kg1 Qf5 45. Bc1 Re8 46. Bg5 Qb1+
47. Kh2 Rh8+ 48. Kg3 Qf5 49. Nf3 Re8 50. Qh2 Nxe7 51. Qh6+ Kg8 52. Ne5 Qxe5+
53. dxe5 Nf5+ 54. Kf4 Nxh6 55. Bxh6 Kf7 56. Kf5 Rh8 57. e6+ Ke8 58. Be3 a6 59.
Ke5 Rh2 60. b4 Rxa2 0-1

[Event "7th European Individual Senior Champion."]
[Site "Hockenheim, Germany"]
[Date "2007.06.08"]
[Round "7.71"]
[White "Bofinger, Juergen"]
[Black "Bue, Gunnar"]
[Result "0-1"]
[WhiteElo "1948"]
[BlackElo "1813"]
[PlyCount "68"]
[EventDate "2007.??.??"]

1. d4 Nf6 2. c4 g6 3. Nc3 Bg7 4. e4 d6 5. Bd3 O-O 6. Nge2 Nc6 7. O-O e5 8. Bc2
exd4 9. Nxd4 Nxd4 10. Qxd4 Be6 11. Qd3 Ng4 12. Bb3 Qh4 13. h3 Ne5 14. Qe3 Bxc4
15. Bxc4 Nxc4 16. Qe2 Ne5 17. f4 Nc6 18. Be3 Bxc3 19. bxc3 Rfe8 20. Qc4 Qe7 21.
e5 Qe6 22. Qb5 Nd8 23. Bd4 c6 24. Qd3 c5 25. f5 Qd5 26. e6 cxd4 27. exf7+ Qxf7
28. fxg6 Qxg6 29. Qxd4 Nc6 30. Qd5+ Qe6 31. Qg5+ Qg6 32. Qd5+ Kg7 33. Rf4 Re5
34. Rb1 Rxd5 0-1

[Event "7th European Individual Senior Champion."]
[Site "Hockenheim, Germany"]
[Date "2007.06.08"]
[Round "7.72"]
[White "Alvarez Escudero, Manuel"]
[Black "Ivanova, Marianna"]
[Result "1/2-1/2"]
[WhiteElo "1945"]
[BlackElo "1761"]
[PlyCount "89"]
[EventDate "2007.??.??"]

1. e4 d6 2. d4 g6 3. c3 Bg7 4. Bd3 c6 5. f4 e5 6. fxe5 dxe5 7. Nf3 exd4 8. cxd4
Bxd4 9. Nxd4 Qxd4 10. Nc3 Nf6 11. Ne2 Qe5 12. O-O Nxe4 13. Be3 O-O 14. Bd4 Qd5
15. Qc2 Bf5 16. Rxf5 gxf5 17. Bc4 Qd6 18. Rf1 Qg6 19. Nf4 Qd6 20. Ne2 Qd7 21.
g4 c5 22. Be5 Nc6 23. Rxf5 Nxe5 24. Qxe4 Ng6 25. Rxc5 Rae8 26. Qf3 Rxe2 27.
Bxe2 Qd4+ 28. Qf2 Qxb2 29. Rb5 Qxa2 30. Rxb7 a5 31. Qe3 a4 32. Ra7 Qa1+ 33. Kg2
Qf6 34. Rxa4 Qc6+ 35. Re4 Re8 36. Bd3 Rxe4 37. Bxe4 Qe6 38. h3 Qe5 39. Kg1 Kg7
40. Qd3 Qa1+ 41. Kf2 Nf4 42. Qf3 Qd4+ 43. Kg3 Ne6 44. h4 Qe5+ 45. Kf2 1/2-1/2

[Event "7th European Individual Senior Champion."]
[Site "Hockenheim, Germany"]
[Date "2007.06.08"]
[Round "7.73"]
[White "Schwichtenberg, Juergen"]
[Black "Lapitskaya, Galina"]
[Result "1/2-1/2"]
[WhiteElo "1911"]
[BlackElo "1401"]
[PlyCount "37"]
[EventDate "2007.??.??"]

1. b4 e5 2. Bb2 Bxb4 3. Bxe5 Nf6 4. e3 O-O 5. Nf3 Nc6 6. Bb2 Re8 7. Be2 a6 8.
c4 d6 9. O-O Bg4 10. a3 Ba5 11. d4 Ne7 12. Nbd2 Ng6 13. Qc2 c6 14. h3 Bd7 15.
Bd3 d5 16. Bf5 Bxd2 17. Bxd7 Qxd7 18. Nxd2 Ne4 19. Nf3 1/2-1/2

[Event "7th European Individual Senior Champion."]
[Site "Hockenheim, Germany"]
[Date "2007.06.08"]
[Round "7.74"]
[White "Werner, Alfons"]
[Black "Diaz Begonte, Manuel"]
[Result "0-1"]
[WhiteElo "1743"]
[BlackElo "1865"]
[PlyCount "62"]
[EventDate "2007.??.??"]

1. e4 d5 2. exd5 Qxd5 3. Nc3 Qa5 4. d4 c6 5. Nf3 Bg4 6. Be2 Nf6 7. O-O e6 8.
Bd2 Be7 9. Nd5 Qxd5 10. h3 Bxf3 11. Bxf3 Qd8 12. c3 O-O 13. Qc2 Nbd7 14. Rad1
Qc7 15. Rfe1 Rfe8 16. g4 Nd5 17. Be4 N7f6 18. Bd3 Nf4 19. Bxf4 Qxf4 20. Re3 Bd6
21. Rg3 g6 22. Kg2 Be7 23. Rh1 Nd5 24. Rf3 Qh6 25. Kf1 Bh4 26. g5 Qxg5 27. c4
Nb4 28. Qb1 Nxd3 29. Qxd3 Rad8 30. Rg1 Qc1+ 31. Kg2 Qxb2 0-1

[Event "7th European Individual Senior Champion."]
[Site "Hockenheim, Germany"]
[Date "2007.06.08"]
[Round "7.75"]
[White "Kuhn, Arno"]
[Black "Bartle, Georg"]
[Result "0-1"]
[WhiteElo "1863"]
[BlackElo "1724"]
[PlyCount "42"]
[EventDate "2007.??.??"]

1. d4 f5 2. g3 Nf6 3. c4 g6 4. Nc3 Bg7 5. Bg2 O-O 6. Nf3 d6 7. O-O Na6 8. Bf4
c6 9. Re1 Nh5 10. e3 Qe8 11. e4 Nxf4 12. gxf4 Qf7 13. d5 fxe4 14. Ng5 Qxf4 15.
Ngxe4 Be5 16. f3 Qxh2+ 17. Kf1 Bh3 18. Qe2 Qh1+ 19. Kf2 Qxg2+ 20. Ke3 Bf4+ 21.
Kd3 Nb4+ 0-1

[Event "7th European Individual Senior Champion."]
[Site "Hockenheim, Germany"]
[Date "2007.06.08"]
[Round "7.76"]
[White "Ovesen, Karsten"]
[Black "Wibe, Per H"]
[Result "1/2-1/2"]
[WhiteElo "1428"]
[BlackElo "1808"]
[PlyCount "87"]
[EventDate "2007.??.??"]

1. d4 Nf6 2. Nf3 g6 3. Bg5 Bg7 4. Nbd2 d5 5. e3 O-O 6. Bd3 c5 7. c3 cxd4 8.
cxd4 Nc6 9. a3 a5 10. O-O Nd7 11. Qb3 h6 12. Bh4 Nb6 13. Rac1 g5 14. Bg3 f5 15.
Be5 e6 16. Bxg7 Kxg7 17. Bb5 a4 18. Qd3 Bd7 19. Bxc6 Bxc6 20. Ne5 Be8 21. Rc5
Nd7 22. Nxd7 Bxd7 23. Nf3 b6 24. Rc3 Ra5 25. Rfc1 Bb5 26. Qd2 Ra8 27. Ne5 Be8
28. Rc7+ Kg8 29. g3 g4 30. Qc2 Qg5 31. Rb7 Bf7 32. Nxf7 Rxf7 33. Rxf7 Kxf7 34.
Qc7+ Qe7 35. Qxb6 Qd8 36. Qb7+ Kg6 37. Rc7 Qf8 38. Qc6 Kf6 39. Qd7 Qg8 40. Qd6
Qf8 41. Qxf8+ Rxf8 42. Ra7 Rb8 43. Rxa4 Rxb2 44. Ra6 1/2-1/2

[Event "7th European Individual Senior Champion."]
[Site "Hockenheim, Germany"]
[Date "2007.06.08"]
[Round "7.77"]
[White "Pfister, Valentina-Rodina"]
[Black "Yusym, Anatoly"]
[Result "1/2-1/2"]
[WhiteElo "1566"]
[BlackElo "1759"]
[PlyCount "49"]
[EventDate "2007.??.??"]

1. e4 c5 2. Nf3 d6 3. d4 cxd4 4. Nxd4 Nf6 5. Nc3 g6 6. Be3 Bg7 7. Qd2 Ng4 8.
Bg5 a6 9. h3 Ne5 10. f4 Nec6 11. Nxc6 Nxc6 12. Bc4 Bd4 13. Bh4 Bd7 14. Bf2 Bg7
15. O-O-O Qa5 16. e5 b5 17. Bb3 Rc8 18. exd6 e6 19. Ne2 Qxd2+ 20. Rxd2 Na5 21.
Rhd1 Nxb3+ 22. axb3 e5 23. fxe5 Bxe5 24. Bd4 Bxd4 25. Nxd4 1/2-1/2

[Event "7th European Individual Senior Champion."]
[Site "Hockenheim, Germany"]
[Date "2007.06.08"]
[Round "7.78"]
[White "Schuller, Erhard"]
[Black "Thonig, Manfred"]
[Result "1-0"]
[WhiteElo "1791"]
[BlackElo "1755"]
[PlyCount "131"]
[EventDate "2007.??.??"]

1. e4 g6 2. f4 d6 3. Nf3 Bg4 4. Be2 Bg7 5. d4 e6 6. O-O Nd7 7. Be3 Ne7 8. Nbd2
O-O 9. c3 a6 10. Ne1 Bxe2 11. Qxe2 f5 12. e5 dxe5 13. dxe5 b5 14. Rd1 Nd5 15.
g3 Nxe3 16. Qxe3 Rf7 17. Ndf3 Bf8 18. Kg2 Qc8 19. Nc2 Bc5 20. Qe2 Nb6 21. Ncd4
Nd5 22. Ng5 Re7 23. Qf3 Qb7 24. Rfe1 Bxd4 25. Rxd4 c5 26. Rd2 Rd8 27. Kf2 h6
28. Nxe6 Rxe6 29. Red1 c4 30. Rxd5 Qb6+ 31. Kg2 Rde8 32. Rd6 Qc7 33. Qd5 Qc8
34. Rd4 Kf8 35. Qf3 Ke7 36. Rxe6+ Kxe6 37. Qd5+ Ke7 38. Qd6+ Kf7 39. Qf6+ Kg8
40. Qxg6+ Kf8 41. Qxh6+ Kg8 42. Qd6 Kh8 43. Kf2 Kg8 44. Qd7 Qa8 45. Qd5+ Kf8
46. Qxa8 Rxa8 47. Rd6 Ke7 48. Ke2 Rh8 49. h4 Rg8 50. Kf3 a5 51. h5 b4 52. cxb4
axb4 53. Rb6 Ra8 54. Rxb4 Rxa2 55. Rxc4 Rxb2 56. Rc6 Rb3+ 57. Kg2 Kd7 58. Rf6
Rb2+ 59. Kh3 Ke7 60. Rxf5 Rb6 61. g4 Rh6 62. Kh4 Ra6 63. Kg5 Ra1 64. h6 Rh1 65.
Kg6 Rh4 66. g5 1-0

[Event "7th European Individual Senior Champion."]
[Site "Hockenheim, Germany"]
[Date "2007.06.08"]
[Round "7.79"]
[White "Luebbers, Doris Dr"]
[Black "Rieger, Helmut"]
[Result "0-1"]
[WhiteElo "1668"]
[BlackElo "1660"]
[PlyCount "80"]
[EventDate "2007.??.??"]

1. d4 d5 2. Bf4 e6 3. e3 Nf6 4. Nd2 c5 5. c3 Qb6 6. Qb3 c4 7. Qxb6 axb6 8. Bxb8
Rxb8 9. Ngf3 Bd7 10. Be2 b5 11. O-O b4 12. Ne5 bxc3 13. bxc3 Ba4 14. Bd1 b5 15.
Bxa4 bxa4 16. Rab1 Bd6 17. Rxb8+ Bxb8 18. Nc6 Kd7 19. Nxb8+ Rxb8 20. Rb1 Rxb1+
21. Nxb1 Ne4 22. f3 Nd6 23. Kf2 Nb5 24. Ke2 f6 25. e4 Kd6 26. Ke3 h5 27. g3 g5
28. h3 e5 29. exd5 Kxd5 30. dxe5 Kxe5 31. g4 h4 32. Kf2 Kf4 33. a3 f5 34. gxf5
Kxf5 35. Ke3 Ke5 36. Kf2 Kf4 37. Nd2 Nxa3 38. Ne4 Nb1 39. Nd6 a3 40. Nxc4 a2
0-1

[Event "7th European Individual Senior Champion."]
[Site "Hockenheim, Germany"]
[Date "2007.06.09"]
[Round "8.2"]
[White "Klovans, Janis"]
[Black "Butnorius, Algimantas"]
[Result "1/2-1/2"]
[WhiteElo "2441"]
[BlackElo "2402"]
[PlyCount "45"]
[EventDate "2007.??.??"]

1. e4 e5 2. Nf3 Nc6 3. Bb5 a6 4. Ba4 Nf6 5. O-O Be7 6. Re1 b5 7. Bb3 d6 8. c3
O-O 9. h3 Nb8 10. d4 Nbd7 11. Nbd2 Bb7 12. Bc2 Re8 13. Nf1 Bf8 14. Ng3 g6 15.
Bg5 h6 16. Bd2 Bg7 17. Qc1 Kh7 18. a4 c5 19. d5 c4 20. Be3 Nc5 21. Nd2 Qc7 22.
Qd1 Nfd7 23. Qf3 1/2-1/2

[Event "7th European Individual Senior Champion."]
[Site "Hockenheim, Germany"]
[Date "2007.06.09"]
[Round "8.3"]
[White "Tseitlin, Mark D"]
[Black "Donchenko, Anatoly G"]
[Result "1/2-1/2"]
[WhiteElo "2491"]
[BlackElo "2374"]
[PlyCount "198"]
[EventDate "2007.??.??"]

1. e4 c6 2. d4 d5 3. e5 Bf5 4. Nf3 e6 5. Be2 Nd7 6. O-O Ne7 7. Nh4 Be4 8. Nd2
c5 9. c3 Nc6 10. Nxe4 dxe4 11. g3 Qb6 12. Be3 Rd8 13. Qa4 Be7 14. Ng2 O-O 15.
Rab1 cxd4 16. cxd4 Qb4 17. Qxb4 Nxb4 18. Rfc1 Nd5 19. Bc4 N7b6 20. Bb3 Rd7 21.
a3 f5 22. exf6 gxf6 23. Rc2 Kf7 24. Rbc1 Bd6 25. Kf1 f5 26. Bd2 Kf6 27. Ke2
Rff7 28. f3 exf3+ 29. Kxf3 Rc7 30. Ne1 Rxc2 31. Rxc2 Rc7 32. Rxc7 Nxc7 33. Nd3
Nbd5 34. a4 b6 35. Bc4 a5 36. h3 Nb4 37. Nxb4 Bxb4 38. Bf4 Ne8 39. Be5+ Ke7 40.
g4 fxg4+ 41. hxg4 Bd2 42. Bb8 Bc1 43. b3 Bb2 44. Ke3 Nf6 45. Bc7 Nxg4+ 46. Kf4
h5 47. Bxb6 Bc1+ 48. Kg3 Bd2 49. Kh4 Nf6 50. Bc5+ Kf7 51. Be2 Be1+ 52. Kh3 Kg6
53. Bd3+ Kf7 54. Kg2 Nd5 55. Kf3 Bb4 56. Ke4 Be1 57. Bd6 Kf6 58. Bf1 h4 59.
Be5+ Ke7 60. Kf3 Nb4 61. Bf4 Kf6 62. Bg2 Nd5 63. Be5+ Ke7 64. Bh3 Kd7 65. Ke4
Ke7 66. Kd3 Bg3 67. Ke4 Nf6+ 68. Kf3 Bxe5 69. dxe5 Nd7 70. Ke4 Nf8 71. Kd4 Ng6
72. b4 Nf4 73. bxa5 Kd7 74. Bg4 h3 75. a6 Kc7 76. a5 h2 77. Bf3 Kb8 78. Ke3 Ng6
79. Kd4 Nh4 80. Bc6 Ka7 81. Bb7 Ng6 82. Kc5 Nxe5 83. Kd6 Nd3 84. Be4 e5 85. Kd5
Nf2 86. Bg2 Ng4 87. Ke4 Kxa6 88. Kf3 Nf6 89. Kg3 Kxa5 90. Kxh2 Kb4 91. Kg3 Kc5
92. Kf2 Kd4 93. Ke2 Nh5 94. Bf3 Ng3+ 95. Kf2 Nf5 96. Ke2 Nd6 97. Bc6 Ne4 98.
Bb7 Nc3+ 99. Kf3 e4+ 1/2-1/2

[Event "7th European Individual Senior Champion."]
[Site "Hockenheim, Germany"]
[Date "2007.06.09"]
[Round "8.4"]
[White "Fradkin, Boris"]
[Black "Kremenietsky, Anatoly M"]
[Result "0-1"]
[WhiteElo "2465"]
[BlackElo "2353"]
[PlyCount "102"]
[EventDate "2007.??.??"]

1. d4 Nf6 2. c4 g6 3. Nc3 Bg7 4. e4 d6 5. Be2 O-O 6. Bg5 c6 7. Qd2 e5 8. d5
cxd5 9. cxd5 Nbd7 10. f3 a6 11. Nh3 b5 12. Nf2 Nb6 13. b3 Bd7 14. a4 b4 15.
Ncd1 a5 16. Nb2 Qb8 17. g4 Rc8 18. Nc4 Nxc4 19. Bxc4 Ne8 20. O-O Bf6 21. h4 Bg7
22. Kg2 Nf6 23. Bh6 Bh8 24. h5 Be8 25. Rh1 Nd7 26. hxg6 fxg6 27. Be3 Nb6 28.
Bxb6 Qxb6 29. Ra2 Ra7 30. Nh3 Bf6 31. Ng5 Bxg5 32. Qxg5 Rf7 33. Qd2 Bd7 34. Qf2
Qc7 35. Qe3 Qd8 36. Qh6 Qb6 37. Qd2 Rf4 38. Rf1 Qd8 39. Qe1 Qg5 40. Qg3 Bxg4
41. Kg1 Qf6 42. Raf2 Bd7 43. Rh2 Rc5 44. Kg2 Qe7 45. Rfh1 Rf7 46. Rh6 Bxa4 47.
Qh3 Qg5+ 48. Qg3 Qxg3+ 49. Kxg3 Be8 50. R6h4 a4 51. Rb1 a3 0-1